[Event "COL-ch"]
[Site "Bogota"]
[Date "2018.11.11"]
[Round "8"]
[White "Hernandez Fierro, Luis Eduardo"]
[Black "Celi, Juan Carlos"]
[Result "1/2-1/2"]
[WhiteElo "1997"]
[BlackElo "1880"]
[PlyCount "66"]
[EventDate "2018.11.06"]
[EventType "swiss"]
[EventRounds "9"]
[EventCountry "COL"]
[SourceTitle "CBM 187 Extra"]
[Source "ChessBase"]
[SourceDate "2018.11.04"]
[SourceVersion "1"]
[SourceVersionDate "2018.11.04"]
[SourceQuality "1"]

1. e4 e5 2. Nf3 Nc6 3. Bc4 Bc5 4. d3 Nf6 5. Bg5 h6 6. Bh4 Be7 7. c3 0-0 8. 0-0 d6 9. h3 a6 10. Bb3 Bd7 11. Re1 Nh7 12. Bxe7 Qxe7 13. Nbd2 Kh8 14. Nf1 Ng5 15. Ng3 Qf6 16. Nxg5 Qxg5 17. Qc1 Qxc1 18. Raxc1 g6 19. Rcd1 Kg7 20. Bd5 Rab8 21. Rf1 Be6 22. Bxe6 fxe6 23. d4 Rbd8 24. d5 exd5 25. Rxd5 Rf6 26. f3 Kf7 27. Rfd1 Ke6 28. Ne2 Ne7 29. R5d2 Rff8 30. Rd3 Rf7 31. R3d2 Rff8 32. Ng3 Rf7 33. Ne2 Rff8 1/2-1/2

[Event "COL-ch"]
[Site "Bogota"]
[Date "2018.11.06"]
[Round "1"]
[White "Caballero Marrugo, David Jose"]
[Black "Hernandez Fierro, Luis Eduardo"]
[Result "0-1"]
[WhiteElo "1547"]
[BlackElo "1997"]
[PlyCount "48"]
[EventDate "2018.11.06"]
[EventType "swiss"]
[EventRounds "9"]
[EventCountry "COL"]
[SourceTitle "CBM 187 Extra"]
[Source "ChessBase"]
[SourceDate "2018.11.04"]
[SourceVersion "1"]
[SourceVersionDate "2018.11.04"]
[SourceQuality "1"]

1. e4 e5 2. Nf3 Nc6 3. d4 exd4 4. Nxd4 Bc5 5. Nb3 Bb6 6. Bd3 d6 7. Nc3 Nf6 8. Bg5 h6 9. Bh4 Be6 10. Qe2 Nd4 11. Nxd4 Bxd4 12. Qd2 c6 13. 0-0 Qa5 14. a3 0-0-0 15. b4 Qe5 16. Bg3 Bxc3 17. Qe2 Qg5 18. f4 Qh5 19. Qe3 c5 20. bxc5 dxc5 21. Bf2 Bd4 22. Qd2 Ng4 23. h3 Nxf2 24. Rxf2 Bxa1 0-1

[Event "COL-ch U2000"]
[Site "Medellin"]
[Date "2016.??.??"]
[Round "2.4"]
[White "Hernandez Fierro, Luis Eduardo"]
[Black "Bolivar, Jhon Jairo"]
[Result "0-1"]
[WhiteElo "1969"]
[BlackElo "1890"]
[PlyCount "56"]
[EventDate "2016.02.29"]
[EventType "swiss"]
[EventRounds "9"]
[EventCountry "COL"]
[SourceTitle "EXT 2024"]
[Source "ChessBase"]
[SourceDate "2023.10.10"]
[SourceVersion "1"]
[SourceVersionDate "2023.10.10"]
[SourceQuality "1"]

1. e4 d5 2. exd5 Qxd5 3. Nf3 Nf6 4. Nc3 Qa5 5. h3 Bf5 6. Bc4 Nbd7 7. 0-0 e6 8. d3 c6 9. Nh4 Bg6 10. Nxg6 hxg6 11. Be3 Bd6 12. f4 Nb6 13. Bb3 0-0-0 14. Qf3 Bc5 15. Rad1 Bxe3+ 16. Qxe3 Rh5 17. a3 Rdh8 18. Ne4 Nbd5 19. Qd4 Rd8 20. Ng3 Rh4 21. Qe5 Qc7 22. Bxd5 Nxd5 23. Rde1 Rxf4 24. Qxg7 Rxf1+ 25. Nxf1 Qb6+ 26. Kh1 Qf2 27. Qe5 Nf4 28. Qe4 Rd4 0-1

[Event "COL-ch U2000"]
[Site "Medellin"]
[Date "2016.??.??"]
[Round "3.15"]
[White "Ricciulli Vargas, Roberth Eliece"]
[Black "Hernandez Fierro, Luis Eduardo"]
[Result "0-1"]
[WhiteElo "1859"]
[BlackElo "1969"]
[PlyCount "92"]
[EventDate "2016.02.29"]
[EventType "swiss"]
[EventRounds "9"]
[EventCountry "COL"]
[SourceTitle "EXT 2024"]
[Source "ChessBase"]
[SourceDate "2023.10.10"]
[SourceVersion "1"]
[SourceVersionDate "2023.10.10"]
[SourceQuality "1"]

1. e4 e5 2. Nf3 Nc6 3. d4 exd4 4. Bc4 Bc5 5. c3 d3 6. Ng5 Nh6 7. Qh5 Qf6 8. 0-0 Ne5 9. Bxf7+ Nexf7 10. Nxf7 Qxf7 11. Qxc5 d6 12. Qb5+ Qd7 13. Qxd3 Nf7 14. Be3 0-0 15. Nd2 Ne5 16. Qe2 Qg4 17. f3 Qh5 18. Nc4 Be6 19. Nxe5 Qxe5 20. Bd4 Qg5 21. Rad1 Bxa2 22. Be3 Qe7 23. Qb5 Qf7 24. Qxb7 Rab8 25. Qxa7 Rxb2 26. Qd4 Rfb8 27. Rf2 Bc4 28. Rxb2 Rxb2 29. Ra1 h6 30. h3 Be6 31. h4 Qg6 32. Bf2 Bh3 33. g3 Be6 34. f4 Qf7 35. f5 Bd7 36. Be3 Qh5 37. Qd5+ Kh7 38. Ra8 Be8 39. f6 Qe2 40. Qf5+ Bg6 41. Qf2 gxf6 42. Rc8 Rb1+ 43. Kh2 Bxe4 44. Rxc7+ Kg6 45. g4 Qxg4 46. h5+ Kxh5 0-1

[Event "COL-ch Amateur"]
[Site "Villavicencio"]
[Date "2015.02.19"]
[Round "4"]
[White "Torrente, Alejandro Josue"]
[Black "Hernandez Fierro, Luis Eduardo"]
[Result "1/2-1/2"]
[WhiteElo "1764"]
[BlackElo "1969"]
[PlyCount "44"]
[EventDate "2015.02.18"]
[EventType "swiss"]
[EventRounds "9"]
[EventCountry "COL"]
[SourceTitle "CBM 165 Extra"]
[Source "ChessBase"]
[SourceDate "2015.04.21"]
[SourceVersion "1"]
[SourceVersionDate "2015.04.21"]
[SourceQuality "1"]

1. e4 e5 2. Nf3 Nc6 3. Bc4 Bc5 4. c3 Nf6 5. d4 exd4 6. cxd4 Bb4+ 7. Nc3 Nxe4 8. 0-0 Bxc3 9. d5 Bf6 10. Re1 Ne7 11. Rxe4 0-0 12. d6 cxd6 13. Qxd6 Nf5 14. Qd5 d6 15. Bf4 Ne7 16. Qxd6 Bf5 17. Re2 Ng6 18. Qxd8 Raxd8 19. Bg3 Bg4 20. Rae1 Bxf3 21. gxf3 Nh4 22. Bxh4 Bxh4 1/2-1/2

[Event "Pan American Amateur-ch"]
[Site "San Andres Islas"]
[Date "2014.08.30"]
[Round "8"]
[White "Ribero, Guillermo Andres"]
[Black "Hernandez Fierro, Luis Eduardo"]
[Result "1/2-1/2"]
[WhiteElo "1820"]
[BlackElo "1970"]
[PlyCount "46"]
[EventDate "2014.08.26"]
[EventType "swiss"]
[EventRounds "9"]
[EventCountry "COL"]
[SourceTitle "EXT 2016"]
[Source "ChessBase"]
[SourceDate "2015.10.08"]
[SourceVersion "1"]
[SourceVersionDate "2015.10.08"]
[SourceQuality "1"]

1. e4 g6 2. d4 Bg7 3. Nc3 e6 4. h4 d5 5. e5 a6 6. Na4 Nd7 7. b4 Ne7 8. h5 Nc6 9. c3 Qe7 10. Rb1 b5 11. Nc5 Nxc5 12. bxc5 Na5 13. Bd3 Nc4 14. Qg4 Kd7 15. Ne2 Bb7 16. h6 Bf8 17. Bg5 Qe8 18. Bf6 Rg8 19. Nc1 Be7 20. Bg7 Bf8 21. Bf6 Be7 22. Bxe7 Qxe7 23. Ne2 f6 1/2-1/2

[Event "Pan American Amateur-ch"]
[Site "San Andres Islas"]
[Date "2014.08.28"]
[Round "4"]
[White "Coelho, Tatiane Cristina"]
[Black "Hernandez Fierro, Luis Eduardo"]
[Result "0-1"]
[WhiteElo "1845"]
[BlackElo "1970"]
[PlyCount "122"]
[EventDate "2014.08.26"]
[EventType "swiss"]
[EventRounds "9"]
[EventCountry "COL"]
[SourceTitle "EXT 2016"]
[Source "ChessBase"]
[SourceDate "2015.10.08"]
[SourceVersion "1"]
[SourceVersionDate "2015.10.08"]
[SourceQuality "1"]

1. e4 e5 2. f4 Bc5 3. Nf3 d6 4. Nc3 Nc6 5. Bb5 Bd7 6. Na4 Bb6 7. Bxc6 Bxc6 8. Nxb6 axb6 9. d3 exf4 10. Bxf4 Ne7 11. 0-0 Ng6 12. Bg5 f6 13. Be3 d5 14. exd5 Bxd5 15. Qe1 0-0 16. Qg3 Bxf3 17. Rxf3 Rf7 18. a3 Qd5 19. Raf1 Qe5 20. Qxe5 Nxe5 21. Rg3 Re8 22. Bd4 Nc6 23. Bc3 Kf8 24. Rf2 Rfe7 25. Rh3 Kg8 26. Rg3 Kf7 27. h4 Re6 28. Rgf3 Ne7 29. b3 Nd5 30. Bd2 h6 31. Rg3 Re5 32. c4 Ne3 33. d4 Re4 34. d5 Ng4 35. Rf1 h5 36. Bf4 R8e7 37. Rd3 Re2 38. Bd2 Rd7 39. Re1 Rxe1+ 40. Bxe1 c6 41. Bg3 cxd5 42. Rxd5 Rxd5 43. cxd5 Ne3 44. d6 Ke6 45. Bf2 Nd5 46. Bg3 f5 47. Kf2 f4 48. Bh2 Kxd6 49. Ke2 Ke5 50. Kd3 Kf5 51. g3 fxg3 52. Bxg3 Nf4+ 53. Kc4 Ng2 54. Kb5 Kg4 55. Be5 g6 56. Kxb6 Nxh4 57. Kxb7 Nf3 58. Bd6 Nd4 59. b4 Nb5 60. a4 Nxd6+ 61. Kc6 h4 0-1

[Event "Pan American Amateur-ch"]
[Site "San Andres Islas"]
[Date "2014.08.27"]
[Round "3"]
[White "Hernandez Fierro, Luis Eduardo"]
[Black "Villa, Fredy Daniel"]
[Result "1/2-1/2"]
[WhiteElo "1970"]
[BlackElo "1600"]
[PlyCount "116"]
[EventDate "2014.08.26"]
[EventType "swiss"]
[EventRounds "9"]
[EventCountry "COL"]
[SourceTitle "EXT 2016"]
[Source "ChessBase"]
[SourceDate "2015.10.08"]
[SourceVersion "1"]
[SourceVersionDate "2015.10.08"]
[SourceQuality "1"]

1. d4 f5 2. Bf4 Nf6 3. e3 e6 4. Bd3 Be7 5. c3 0-0 6. Bg5 d5 7. Ne2 b6 8. Nd2 Ba6 9. Bxa6 Nxa6 10. Nf4 Qd7 11. Nf3 Bd6 12. Bxf6 Rxf6 13. Nd3 c5 14. Nde5 Qe8 15. 0-0 Rc8 16. Qe2 Nb8 17. Rfe1 c4 18. Nd2 Nc6 19. Nxc6 Qxc6 20. f3 Rcf8 21. f4 b5 22. a3 Rb8 23. Nf3 Rf7 24. Ng5 Re7 25. Qh5 g6 26. Qh4 Qd7 27. Rf1 Rg7 28. Nf3 a5 29. Ne5 Bxe5 30. fxe5 g5 31. Qh5 Qf7 32. Qe2 h5 33. Qf2 Qe7 34. g3 Kh7 35. Kh1 a4 36. Rg1 Rh8 37. Rg2 Kg8 38. Rag1 g4 39. Qf4 h4 40. Rf2 Rh5 41. gxh4 Qxh4 42. Rg3 Rg6 43. Kg1 Qe7 44. Rfg2 Qg7 45. Rf2 Rh3 46. Rfg2 Kh8 47. Rxh3+ gxh3 48. Qh4+ Qh6 49. Qd8+ Kh7 50. Qe7+ Kh8 51. Qe8+ Kh7 52. Qxg6+ Qxg6 53. Rxg6 Kxg6 54. Kf2 Kh5 55. Kg3 Kg5 56. Kxh3 Kh5 57. Kg3 Kg5 58. e4 dxe4 1/2-1/2

[Event "Pan American Amateur-ch"]
[Site "San Andres Islas"]
[Date "2014.08.26"]
[Round "1"]
[White "Hernandez Fierro, Luis Eduardo"]
[Black "Soto, Miguel Angel"]
[Result "1/2-1/2"]
[WhiteElo "1970"]
[BlackElo "1742"]
[PlyCount "105"]
[EventDate "2014.08.26"]
[EventType "swiss"]
[EventRounds "9"]
[EventCountry "COL"]
[SourceTitle "EXT 2016"]
[Source "ChessBase"]
[SourceDate "2015.10.08"]
[SourceVersion "1"]
[SourceVersionDate "2015.10.08"]
[SourceQuality "1"]

1. e4 c5 2. Nf3 d6 3. Bc4 Nf6 4. d3 Nc6 5. h3 e6 6. 0-0 Be7 7. Nc3 0-0 8. Re1 d5 9. exd5 exd5 10. Bb3 Na5 11. Bxd5 Nxd5 12. Nxd5 Qxd5 13. Rxe7 Be6 14. Bf4 Rac8 15. Rc7 Rcd8 16. Be3 Nc6 17. Qe2 Bc8 18. Bf4 Rfe8 19. Qd1 c4 20. Ng5 Rf8 21. Ne4 Rfe8 22. Rxc8 Rxc8 23. Nd6 Qd4 24. g3 cxd3 25. cxd3 Qxb2 26. Rb1 Qxa2 27. Nxc8 Rxc8 28. Rxb7 h6 29. Bxh6 Qe6 30. Be3 Qxh3 31. d4 Rd8 32. Qf3 Qe6 33. Qf4 Qd5 34. Qc7 a5 35. Qb6 a4 36. Rc7 Nxd4 37. Bxd4 Qxd4 38. Qxd4 Rxd4 39. Ra7 Rd1+ 40. Kg2 Ra1 41. Kf3 a3 42. Kg4 a2 43. Kg5 Kh7 44. Kf5 Kg8 45. Kg5 Kf8 46. Kf4 Re1 47. Kf3 Ra1 48. Kf4 Kg8 49. Kg5 Kf8 50. Kf4 Ke8 51. Kf3 Kd8 52. Ke2 Kc8 53. Kd2 1/2-1/2

[Event "COL-ch Amateur"]
[Site "San Andres Islas"]
[Date "2013.03.17"]
[Round "9"]
[White "Hernandez Fierro, Luis Eduardo"]
[Black "Corredor Rengifo, Luis Fernando"]
[Result "0-1"]
[WhiteElo "1970"]
[BlackElo "1952"]
[PlyCount "78"]
[EventDate "2013.03.13"]
[EventType "swiss"]
[EventRounds "9"]
[EventCountry "COL"]
[SourceTitle "CBM 153 Extra"]
[Source "ChessBase"]
[SourceDate "2013.04.22"]
[SourceVersion "1"]
[SourceVersionDate "2013.04.22"]
[SourceQuality "1"]

1. d4 Nf6 2. Bf4 d5 3. e3 Bf5 4. c4 Nc6 5. Nc3 e6 6. Nf3 h6 7. c5 Be7 8. Bb5 0-0 9. Bxc6 bxc6 10. Ne5 Qe8 11. Qa4 Nd7 12. Nxc6 Bxc5 13. Bxc7 Rc8 14. Ba5 Nb6 15. Qb5 Qxc6 16. Qxc6 Rxc6 17. dxc5 Nc4 18. Bb4 a5 19. Ba3 Nxa3 20. bxa3 Rxc5 21. Ne2 Bd3 22. Kd2 Be4 23. Rhc1 Rb5 24. Rc3 Rb2+ 25. Ke1 Rfb8 26. f3 Bf5 27. h4 e5 28. Rd1 Be6 29. Rd2 Rb1+ 30. Kf2 Kf8 31. f4 f6 32. Rc7 R8b7 33. Rc5 R1b5 34. Rc6 Ke7 35. Nc3 Rb2 36. Rxb2 Rxb2+ 37. Kg3 d4 38. exd4 exd4 39. Ne4 Bd5 0-1

[Event "COL-ch Amateur"]
[Site "San Andres Islas"]
[Date "2013.03.14"]
[Round "3"]
[White "Hernandez Fierro, Luis Eduardo"]
[Black "Guarin, Holmes"]
[Result "1-0"]
[WhiteElo "1970"]
[BlackElo "1832"]
[PlyCount "83"]
[EventDate "2013.03.13"]
[EventType "swiss"]
[EventRounds "9"]
[EventCountry "COL"]
[SourceTitle "CBM 153 Extra"]
[Source "ChessBase"]
[SourceDate "2013.04.22"]
[SourceVersion "1"]
[SourceVersionDate "2013.04.22"]
[SourceQuality "1"]

1. e4 e5 2. Nf3 d6 3. Bc4 c6 4. d3 Be7 5. h3 Nf6 6. 0-0 0-0 7. Re1 Nbd7 8. a4 Nc5 9. Nbd2 Be6 10. Bxe6 Nxe6 11. Nf1 Qc7 12. Ng3 Rfe8 13. Nf5 Bf8 14. Ng5 h6 15. Nf3 Kh7 16. Nh2 g6 17. Ng3 Rad8 18. Ng4 Qe7 19. Be3 c5 20. Qf3 Ng8 21. c3 Bg7 22. c4 Rf8 23. Bd2 f5 24. exf5 gxf5 25. Ne3 Nd4 26. Qd1 f4 27. Nd5 Qd7 28. Ne4 f3 29. Re3 fxg2 30. Rg3 Qf7 31. Kxg2 Ne7 32. Nxe7 Qxe7 33. Qh5 Rf5 34. Qg6+ Kh8 35. Bxh6 Bxh6 36. Qxh6+ Qh7 37. Qxh7+ Kxh7 38. Re1 Ne6 39. Ree3 Kh8 40. Rg4 b6 41. Reg3 Rf7 42. Nf6 1-0